[Event "SVK-chT2C 2324"]
[Site "Slovakia"]
[Date "2024.01.14"]
[Round "7.3"]
[White "Kantorik, Marian"]
[Black "Adamko, Peter"]
[Result "1-0"]
[WhiteElo "2184"]
[BlackElo "2034"]
[PlyCount "61"]
[EventDate "2023.10.07"]
[EventType "team-tourn"]
[EventRounds "11"]
[EventCountry "SVK"]
[SourceTitle "EXT 2025"]
[Source "ChessBase"]
[SourceDate "2024.10.14"]
[SourceVersion "1"]
[SourceVersionDate "2024.10.14"]
[SourceQuality "1"]
[WhiteTeam "Zilina Mladost II"]
[BlackTeam "Cadca Caissa II"]
[WhiteTeamCountry "SVK"]
[BlackTeamCountry "SVK"]

1. d4 Nc6 2. Nf3 d6 3. d5 Ne5 4. Nxe5 dxe5 5. e4 Nf6 6. Bb5+ Bd7 7. Qe2 a6 8. Bd3 g6 9. c4 Bg7 10. Nc3 c5 11. 0-0 Nh5 12. Be3 Qc7 13. Qd2 Nf4 14. Bc2 g5 15. Na4 Bxa4 16. Bxa4+ Kf8 17. b4 cxb4 18. Qxb4 Bf6 19. c5 Kg7 20. Rab1 Rab8 21. Qb6 Qc8 22. f3 Ne2+ 23. Kh1 Nc3 24. Rb4 Nxa4 25. Rxa4 h5 26. Qb2 g4 27. Rb4 h4 28. f4 exf4 29. e5 Bg5 30. Bxf4 Qf5 31. Qe2 1-0

[Event "SVK-chT1E 2223"]
[Site "Slovakia"]
[Date "2023.02.04"]
[Round "8.6"]
[White "Panko, Radoslav"]
[Black "Adamko, Peter"]
[Result "1/2-1/2"]
[WhiteElo "2048"]
[BlackElo "2044"]
[PlyCount "49"]
[EventDate "2022.10.15"]
[EventType "team-tourn"]
[EventRounds "11"]
[EventCountry "SVK"]
[SourceTitle "EXT 2024"]
[Source "ChessBase"]
[SourceDate "2023.10.10"]
[SourceVersion "1"]
[SourceVersionDate "2023.10.10"]
[SourceQuality "1"]
[WhiteTeam "Michalovce Zemplin"]
[BlackTeam "Cadca"]
[WhiteTeamCountry "SVK"]
[BlackTeamCountry "SVK"]

1. d4 Nf6 2. Bg5 Ne4 3. Bf4 d5 4. f3 Nd6 5. Nc3 e6 6. e4 c6 7. exd5 exd5 8. Bd3 Be6 9. Nce2 Nd7 10. c3 Bf5 11. Bxd6 Bxd3 12. Bxf8 Bxe2 13. Nxe2 Nxf8 14. 0-0 Nd7 15. Nf4 0-0 16. Nd3 Re8 17. Re1 Rxe1+ 18. Qxe1 Qf8 19. Qg3 Qb8 20. Qh3 Qd6 21. Re1 Nf6 22. Qf5 Rd8 23. Nc5 b6 24. Nd3 c5 25. g4 1/2-1/2

[Event "SVK-chT2C 2223"]
[Site "Slovakia"]
[Date "2023.01.15"]
[Round "7.2"]
[White "Adamko, Peter"]
[Black "Sokol, Lubomir"]
[Result "0-1"]
[WhiteElo "2038"]
[BlackElo "2147"]
[PlyCount "42"]
[EventDate "2022.10.08"]
[EventType "team-tourn"]
[EventRounds "11"]
[EventCountry "SVK"]
[SourceTitle "EXT 2024"]
[Source "ChessBase"]
[SourceDate "2023.10.10"]
[SourceVersion "1"]
[SourceVersionDate "2023.10.10"]
[SourceQuality "1"]
[WhiteTeam "Cadca Caissa II"]
[BlackTeam "Zilina Mladost IV"]
[WhiteTeamCountry "SVK"]
[BlackTeamCountry "SVK"]

1. b3 e5 2. Bb2 Nc6 3. c4 Nf6 4. e3 Be7 5. d4 exd4 6. exd4 d5 7. Nf3 0-0 8. Be2 Bg4 9. 0-0 Re8 10. Nc3 dxc4 11. Bxc4 Bxf3 12. Qxf3 Qxd4 13. Rad1 Qg4 14. Qxg4 Nxg4 15. Nb5 Rac8 16. Rd7 Nce5 17. Rxc7 a6 18. Rxc8 Rxc8 19. Na7 Rd8 20. h3 Nxc4 21. bxc4 Nh6 0-1

[Event "SVK-chT2C 2223"]
[Site "Slovakia"]
[Date "2022.11.13"]
[Round "4.3"]
[White "Adamko, Peter"]
[Black "Volna, Lukas"]
[Result "0-1"]
[WhiteElo "2044"]
[BlackElo "1924"]
[PlyCount "90"]
[EventDate "2022.10.08"]
[EventType "team-tourn"]
[EventRounds "11"]
[EventCountry "SVK"]
[SourceTitle "EXT 2024"]
[Source "ChessBase"]
[SourceDate "2023.10.10"]
[SourceVersion "1"]
[SourceVersionDate "2023.10.10"]
[SourceQuality "1"]
[WhiteTeam "Cadca Caissa II"]
[BlackTeam "Dunajov Martin III"]
[WhiteTeamCountry "SVK"]
[BlackTeamCountry "SVK"]

1. f4 b6 2. Nf3 Bb7 3. b3 Nf6 4. Bb2 c5 5. e3 g6 6. Be2 Bg7 7. g4 d6 8. d3 Nbd7 9. Nbd2 e5 10. Nc4 Qe7 11. Nxd6+ Qxd6 12. fxe5 Qe7 13. exf6 Bxf6 14. Bxf6 Nxf6 15. g5 Ng4 16. e4 0-0-0 17. Qd2 Bxe4 18. Qf4 Bf5 19. 0-0-0 Nf2 20. Rhe1 Nxd1 21. Bxd1 Qc7 22. Qa4 Bd7 23. Qc4 Be6 24. Qa6+ Kb8 25. Ne5 Rd5 26. Bf3 Rd6 27. Nc4 Bxc4 28. bxc4 Rhd8 29. Bd5 f6 30. gxf6 Rxf6 31. Qb5 Qxh2 32. Re7 Qf4+ 33. Kb2 Qd4+ 34. c3 Qxd3 35. Rb7+ Kc8 36. Rf7 Qd2+ 37. Kb3 Qd1+ 38. Ka3 Qc1+ 39. Ka4 Qc2+ 40. Ka3 Qxc3+ 41. Ka4 Qc2+ 42. Ka3 Rxf7 43. Qc6+ Rc7 44. Qe6+ Kb8 45. Qe5 Qf5 0-1

[Event "SVK-chT2C 2122"]
[Site "Slovakia"]
[Date "2022.03.06"]
[Round "6.4"]
[White "Tomcikova, Dominika"]
[Black "Adamko, Peter"]
[Result "1/2-1/2"]
[WhiteElo "1945"]
[BlackElo "2068"]
[PlyCount "44"]
[EventDate "2021.10.16"]
[EventType "team-tourn"]
[EventRounds "11"]
[EventCountry "SVK"]
[SourceTitle "EXT 2023"]
[Source "ChessBase"]
[SourceDate "2022.10.05"]
[SourceVersion "1"]
[SourceVersionDate "2022.10.05"]
[SourceQuality "1"]
[WhiteTeam "Rajecke Teplice"]
[BlackTeam "Zilina Mladost III"]
[WhiteTeamCountry "SVK"]
[BlackTeamCountry "SVK"]

1. Nf3 d5 2. g3 Nf6 3. Bg2 c5 4. d3 Nc6 5. 0-0 e5 6. Bg5 Be7 7. Nbd2 0-0 8. e4 dxe4 9. dxe4 Be6 10. c3 h6 11. Bxf6 Bxf6 12. Qe2 Qb6 13. b3 Qa5 14. Qe3 Rfd8 15. Rfc1 Rac8 16. Bf1 a6 17. a3 Ne7 18. b4 Qc7 19. c4 cxb4 20. axb4 Nc6 21. b5 Nb8 22. b6 Qc5 1/2-1/2

[Event "SVK-chT1E 2122"]
[Site "Slovakia"]
[Date "2022.01.29"]
[Round "1.7"]
[White "Adamko, Peter"]
[Black "Trgina, Daniel"]
[Result "1-0"]
[WhiteElo "2068"]
[BlackElo "2066"]
[PlyCount "63"]
[EventDate "2022.01.29"]
[EventType "team-tourn"]
[EventRounds "11"]
[EventCountry "SVK"]
[SourceTitle "EXT 2023"]
[Source "ChessBase"]
[SourceDate "2022.10.05"]
[SourceVersion "1"]
[SourceVersionDate "2022.10.05"]
[SourceQuality "1"]
[WhiteTeam "Cadca"]
[BlackTeam "Banska Bystrica Junior"]
[WhiteTeamCountry "SVK"]
[BlackTeamCountry "SVK"]

1. Nf3 Nf6 2. c4 g6 3. Nc3 Bg7 4. g3 0-0 5. Bg2 d5 6. cxd5 Nxd5 7. 0-0 c5 8. Qb3 Nb6 9. d3 Nc6 10. Bd2 Be6 11. Qd1 c4 12. Be3 cxd3 13. exd3 Nd5 14. Bd2 Nxc3 15. Bxc3 Qd7 16. d4 Bc4 17. Re1 Rad8 18. Ne5 Nxe5 19. dxe5 Qb5 20. Qg4 Rd7 21. a4 h5 22. Qh3 Be6 23. Qxe6 Qd3 24. Qb3 Rfd8 25. e6 Rd6 26. exf7+ Kh7 27. Rxe7 Rb6 28. f8N+ Rxf8 29. Rxg7+ Kh6 30. Qd1 Qf5 31. Qd2+ g5 32. h4 1-0

[Event "Prague op-A 20th"]
[Site "Prague"]
[Date "2022.01.12"]
[Round "7"]
[White "Adamko, Peter"]
[Black "Michalczak, Thomas"]
[Result "0-1"]
[WhiteElo "2113"]
[BlackElo "2218"]
[PlyCount "138"]
[EventDate "2022.01.07"]
[EventType "swiss"]
[EventRounds "9"]
[EventCountry "CZE"]
[SourceTitle "CBM 206 Extra"]
[Source "ChessBase"]
[SourceDate "2022.03.31"]
[SourceVersion "1"]
[SourceVersionDate "2022.03.31"]
[SourceQuality "1"]

1. e4 e5 2. Nf3 Nc6 3. Bc4 Nf6 4. d3 Bc5 5. Nc3 d6 6. h3 Be6 7. Bxe6 fxe6 8. Na4 Bb6 9. Nxb6 axb6 10. c3 0-0 11. 0-0 Qe8 12. Nh2 Nh5 13. g3 Qg6 14. Qg4 Qxg4 15. Nxg4 Rf3 16. Be3 Raf8 17. Kg2 R3f7 18. Rad1 Rd7 19. Bg5 h6 20. Bc1 Ra8 21. a3 Na5 22. b4 Nc6 23. Bb2 Rdd8 24. d4 exd4 25. cxd4 d5 26. e5 Ne7 27. Rd3 b5 28. Rf3 Nf5 29. Ne3 g6 30. Nxf5 gxf5 31. g4 Ng7 32. Bc1 Kh7 33. Rc3 c6 34. f4 Rh8 35. Rg3 Rag8 36. Kf3 fxg4+ 37. hxg4 h5 38. Rh1 Kg6 39. f5+ Kf7 40. fxe6+ Nxe6 41. Rf1 Ke7 42. Be3 hxg4+ 43. Kg2 Rg6 44. Rh1 Rxh1 45. Kxh1 Ng7 46. Bg1 Ke6 47. Kg2 Kf5 48. Re3 Kf4 49. Re1 g3 50. Rf1+ Ke4 51. Re1+ Kf5 52. Rf1+ Ke4 53. Re1+ Kf5 54. Rf1+ Ke6 55. Rf8 Nf5 56. Re8+ Kd7 57. Rh8 Rg7 58. Rh3 Ke6 59. Rh8 Kf7 60. Ra8 Kg6 61. a4 bxa4 62. Rxa4 Kg5 63. b5 Kg4 64. b6 Rf7 65. Kf1 Ne3+ 66. Ke2 Nc4 67. Rb4 Kh3 68. Rb1 Rf4 69. Kd3 Kg2 0-1

[Event "SVK-chT1E 1920"]
[Site "Slovakia"]
[Date "2019.12.07"]
[Round "5.5"]
[White "Brnusak, Tomas"]
[Black "Adamko, Peter"]
[Result "0-1"]
[WhiteElo "2032"]
[BlackElo "2082"]
[PlyCount "90"]
[EventDate "2019.10.12"]
[EventType "team-tourn"]
[EventRounds "11"]
[EventCountry "SVK"]
[SourceTitle "CBM 194 Extra"]
[Source "ChessBase"]
[SourceDate "2020.03.31"]
[SourceVersion "1"]
[SourceVersionDate "2020.03.31"]
[SourceQuality "1"]
[WhiteTeam "Liptov Chess School II"]
[BlackTeam "Cadca"]
[WhiteTeamCountry "SVK"]
[BlackTeamCountry "SVK"]

1. c4 e5 2. Nc3 Nf6 3. g3 c6 4. d4 exd4 5. Qxd4 Be7 6. Bg2 0-0 7. e4 d6 8. Nge2 Nbd7 9. 0-0 Qb6 10. Bh3 Qxd4 11. Nxd4 g6 12. f4 Nc5 13. Bg2 Nd3 14. Rd1 Nxc1 15. Raxc1 Nd7 16. b4 Nb6 17. Bf1 Bg4 18. Rd2 Rad8 19. h3 Bd7 20. Nb3 Bc8 21. Na5 d5 22. c5 Nc4 23. Nxc4 dxc4 24. Nb1 b5 25. cxb6 Rxd2 26. Nxd2 Bxb4 27. Nxc4 Bc5+ 28. Kg2 axb6 29. Ne5 Be6 30. Bc4 Bxc4 31. Rxc4 Rd8 32. a4 Rd2+ 33. Kf3 Rf2+ 34. Kg4 h5+ 35. Kg5 Kg7 36. Nxc6 f6+ 37. Kh4 Kh6 38. Rxc5 bxc5 39. g4 Rg2 40. g5+ fxg5+ 41. fxg5+ Rxg5 42. Nd8 Rg1 43. Nf7+ Kg7 44. Nd6 c4 45. e5 c3 0-1

[Event "SVK-chT2C 1920"]
[Site "Slovakia"]
[Date "2019.11.16"]
[Round "3.3"]
[White "Holly, Andrej"]
[Black "Adamko, Peter"]
[Result "0-1"]
[WhiteElo "2008"]
[BlackElo "2059"]
[PlyCount "76"]
[EventDate "2019.10.26"]
[EventType "team-tourn"]
[EventRounds "11"]
[EventCountry "SVK"]
[SourceTitle "CBM 193 Extra"]
[Source "ChessBase"]
[SourceDate "2020.01.31"]
[SourceVersion "1"]
[SourceVersionDate "2020.01.31"]
[SourceQuality "1"]
[WhiteTeam "Ondrasova Krivan"]
[BlackTeam "Zilina Mladost III"]
[WhiteTeamCountry "SVK"]
[BlackTeamCountry "SVK"]

1. e4 e6 2. d4 d5 3. Bd3 dxe4 4. Bxe4 Nf6 5. Bf3 c5 6. Ne2 cxd4 7. Qxd4 Nbd7 8. Nbc3 Bc5 9. Qh4 0-0 10. Bd2 Ne5 11. 0-0-0 Ng6 12. Qg3 Bd6 13. Qg5 Bd7 14. h4 Qb6 15. Be3 Qc7 16. Rxd6 Qxd6 17. Bc5 Qc7 18. Bxf8 Nxf8 19. h5 h6 20. Qe3 Bc6 21. Rd1 N8d7 22. Nd4 Bxf3 23. Qxf3 Ne5 24. Qe2 a6 25. Ne4 Nd5 26. g3 Rc8 27. Kb1 Nc4 28. Qd3 Qe5 29. f4 Qxh5 30. b3 Nb4 31. Qf3 Na3+ 32. Kb2 Qxf3 33. Nxf3 Naxc2 34. a3 Ne3 35. Rd7 Nbd5 36. Rxb7 Rc2+ 37. Kb1 f5 38. Rb8+ Kh7 0-1

[Event "SVK-chT1E 1920"]
[Site "Slovakia"]
[Date "2019.10.13"]
[Round "2.4"]
[White "Adamko, Peter"]
[Black "Simonova, Stela"]
[Result "1-0"]
[WhiteElo "2054"]
[BlackElo "1704"]
[PlyCount "163"]
[EventDate "2019.10.12"]
[EventType "team-tourn"]
[EventRounds "11"]
[EventCountry "SVK"]
[SourceTitle "CBM 193 Extra"]
[Source "ChessBase"]
[SourceDate "2020.01.31"]
[SourceVersion "1"]
[SourceVersionDate "2020.01.31"]
[SourceQuality "1"]
[WhiteTeam "Cadca"]
[BlackTeam "Humenne Reinter II"]
[WhiteTeamCountry "SVK"]
[BlackTeamCountry "SVK"]

1. Nf3 e6 2. c4 f5 3. Nc3 Nf6 4. d4 Be7 5. e3 c6 6. Bd3 0-0 7. Qc2 Na6 8. a3 Nc7 9. e4 d5 10. e5 Ne4 11. c5 Bd7 12. Ne2 Be8 13. Nfg1 Nb5 14. f3 Ng5 15. h4 Nf7 16. g3 b6 17. a4 Nc7 18. b4 bxc5 19. bxc5 Rb8 20. Nh3 Bd7 21. Bd2 Qc8 22. Nhf4 Na6 23. Kf2 Nb4 24. Bxb4 Rxb4 25. Rab1 Rxb1 26. Rxb1 Qc7 27. a5 Rb8 28. a6 Nd8 29. Rb3 Rxb3 30. Qxb3 Bc8 31. Qb4 Kf7 32. Kg2 Kg8 33. Kh3 Kf7 34. g4 g6 35. Kg3 Bf8 36. Nh3 h6 37. h5 gxh5 38. gxh5 Kg8 39. Nef4 Bd7 40. Ng6 Be8 41. Ngf4 Qg7+ 42. Kf2 Qc7 43. Ng1 Bf7 44. Nge2 Be7 45. Ke1 Bg5 46. Kd1 Kf8 47. Kc2 Kg8 48. Kb3 Kf8 49. Ka4 Kg7 50. Qb1 Kf8 51. Qc2 Qb8 52. Ka3 Qc7 53. Qc3 Qc8 54. Kb3 Qb8+ 55. Kc2 Qc7 56. Qb4 Kg7 57. Kd1 Kf8 58. Ke1 Kg7 59. Kf2 Kf8 60. Kg3 Kg7 61. Kh3 Kf8 62. Kg2 Kg7 63. Qd2 Qe7 64. Kf2 Kf8 65. Qc1 Bh4+ 66. Ke3 Bg5 67. Qh1 Qc7 68. Kf2 Qe7 69. Qb1 Qc7 70. Bxf5 exf5 71. Qxf5 Kg7 72. e6 Nxe6 73. Nxe6+ Bxe6 74. Qxe6 Qh2+ 75. Kf1 Qh1+ 76. Ng1 Qxh5 77. Qxc6 Qf7 78. Qd6 Be3 79. Qe5+ Kh7 80. Qxe3 Qg6 81. Qb3 Qg5 82. Qc2+ 1-0

[Event "SVK-chT1E 1920"]
[Site "Slovakia"]
[Date "2019.10.12"]
[Round "1.4"]
[White "Sandor, Samuel"]
[Black "Adamko, Peter"]
[Result "1/2-1/2"]
[WhiteElo "1922"]
[BlackElo "2054"]
[PlyCount "32"]
[EventDate "2019.10.12"]
[EventType "team-tourn"]
[EventRounds "11"]
[EventCountry "SVK"]
[SourceTitle "CBM 193 Extra"]
[Source "ChessBase"]
[SourceDate "2020.01.31"]
[SourceVersion "1"]
[SourceVersionDate "2020.01.31"]
[SourceQuality "1"]
[WhiteTeam "Michalovce Zemplin"]
[BlackTeam "Cadca"]
[WhiteTeamCountry "SVK"]
[BlackTeamCountry "SVK"]

1. d4 d5 2. Bf4 Nf6 3. e3 e6 4. Nd2 Bd6 5. Bg3 0-0 6. Ngf3 c5 7. c3 Nc6 8. Ne5 Qc7 9. f4 Ne4 10. Nxe4 dxe4 11. Qc2 cxd4 12. cxd4 Qa5+ 13. Kf2 Bxe5 14. dxe5 Ne7 15. Be2 Bd7 16. Rhd1 Bc6 1/2-1/2

[Event "SVK-chT2C 1819"]
[Site "Slovakia"]
[Date "2019.03.03"]
[Round "9.5"]
[White "Adamko, Peter"]
[Black "Luptak, Pavol"]
[Result "1-0"]
[WhiteElo "2097"]
[BlackElo "1905"]
[PlyCount "109"]
[EventDate "2018.10.13"]
[EventType "team-tourn"]
[EventRounds "11"]
[EventCountry "SVK"]
[SourceTitle "CBM 189 Extra"]
[Source "ChessBase"]
[SourceDate "2019.05.31"]
[SourceVersion "1"]
[SourceVersionDate "2019.05.31"]
[SourceQuality "1"]
[WhiteTeam "Cadca Caissa"]
[BlackTeam "Banska Bystrica Kurta"]
[WhiteTeamCountry "SVK"]
[BlackTeamCountry "SVK"]

1. c4 Nf6 2. Nc3 e6 3. Nf3 d5 4. d4 Be7 5. e3 0-0 6. b3 Bb4 7. Bd2 Qe7 8. Bd3 Nbd7 9. 0-0 c5 10. a3 dxc4 11. bxc4 Ba5 12. Qc2 b6 13. d5 exd5 14. Nxd5 Nxd5 15. Bxa5 Nxe3 16. fxe3 bxa5 17. Bxh7+ Kh8 18. Be4 Rb8 19. Rae1 Rb6 20. Bf5 Rh6 21. Qc3 Nf6 22. e4 a4 23. Qe5 Re8 24. Qxe7 Rxe7 25. Ng5 Be6 26. Bxe6 fxe6 27. e5 Nd7 28. Nf7+ Kh7 29. Nxh6 Kxh6 30. Re4 Nb6 31. Rd1 Kg5 32. g4 Kh4 33. Kg2 Kg5 34. Rd6 Rd7 35. Kg3 g6 36. Rf4 Rh7 37. Re4 Re7 38. h4+ Kh6 39. Rf4 Kg7 40. g5 Nd7 41. Re4 Nb6 42. Rc6 Rd7 43. Rxe6 Rd3+ 44. Kg4 Rc3 45. Re7+ Kf8 46. Rxa7 Nxc4 47. e6 Ne3+ 48. Kf4 Nd5+ 49. Ke5 Rd3 50. Rexa4 Nb6 51. R4a6 Re3+ 52. Kf6 Nd5+ 53. Kxg6 Ne7+ 54. Kh5 c4 55. Rc7 1-0

[Event "SVK-chT1E 1819"]
[Site "Slovakia"]
[Date "2018.11.24"]
[Round "3.5"]
[White "Adamko, Peter"]
[Black "Balazs, Attila2"]
[Result "1/2-1/2"]
[WhiteElo "2118"]
[BlackElo "2045"]
[PlyCount "24"]
[EventDate "2018.10.27"]
[EventType "team-tourn"]
[EventRounds "11"]
[EventCountry "SVK"]
[SourceTitle "CBM 188 Extra"]
[Source "ChessBase"]
[SourceDate "2019.02.28"]
[SourceVersion "1"]
[SourceVersionDate "2019.02.28"]
[SourceQuality "1"]
[WhiteTeam "Kysucke Nove Mesto"]
[BlackTeam "Kosice 1 CC"]
[WhiteTeamCountry "SVK"]
[BlackTeamCountry "SVK"]

1. Nf3 Nf6 2. d4 e6 3. Bf4 b6 4. e3 Bb7 5. Bd3 Be7 6. Nbd2 c5 7. c3 Nh5 8. Bg3 d6 9. dxc5 bxc5 10. Qc2 Nc6 11. Rd1 h6 12. Qa4 Nxg3 1/2-1/2

[Event "Prague op 17th"]
[Site "Prague"]
[Date "2018.01.16"]
[Round "6"]
[White "Chkhaidze, Nikoloz"]
[Black "Adamko, Peter"]
[Result "1-0"]
[WhiteElo "2306"]
[BlackElo "2098"]
[PlyCount "83"]
[EventDate "2018.01.12"]
[EventType "swiss"]
[EventRounds "9"]
[EventCountry "CZE"]
[SourceTitle "CBM 182 Extra"]
[Source "ChessBase"]
[SourceDate "2018.02.23"]
[SourceVersion "1"]
[SourceVersionDate "2018.02.23"]
[SourceQuality "1"]

1. d4 Nf6 2. c4 g6 3. Nc3 Bg7 4. e4 0-0 5. Be3 d6 6. h3 e5 7. d5 c5 8. Nf3 a6 9. Nd2 Ne8 10. g4 Bd7 11. h4 h6 12. a4 b6 13. h5 g5 14. a5 b5 15. cxb5 axb5 16. Bxb5 Bxb5 17. Nxb5 Rxa5 18. Na3 Nd7 19. Ndc4 Ra8 20. Nb5 Rxa1 21. Qxa1 Nb8 22. Qa5 Qd7 23. f3 Qb7 24. Qb6 Qa8 25. Qa7 Qxa7 26. Nxa7 Na6 27. Nb5 f5 28. gxf5 Rf6 29. Kf2 Bf8 30. Ra1 Nac7 31. Nxc7 Nxc7 32. Ra7 Ne8 33. Bd2 Ng7 34. b4 cxb4 35. Bxb4 Nxh5 36. Rd7 Nf4 37. Kf1 h5 38. Rd8 Nxd5 39. exd5 Rxf5 40. Ke2 Kf7 41. Nxd6+ Bxd6 42. Bxd6 1-0

[Event "SVK-chT1E 1718"]
[Site "Slovakia"]
[Date "2017.11.05"]
[Round "4.6"]
[White "Ferkova, Dominika"]
[Black "Adamko, Peter"]
[Result "1-0"]
[WhiteElo "1926"]
[BlackElo "2126"]
[PlyCount "63"]
[EventDate "2017.10.21"]
[EventType "team-tourn"]
[EventRounds "11"]
[EventCountry "SVK"]
[SourceTitle "CBM 181 Extra"]
[Source "ChessBase"]
[SourceDate "2017.12.12"]
[SourceVersion "1"]
[SourceVersionDate "2017.12.12"]
[SourceQuality "1"]
[WhiteTeam "Bardejov"]
[BlackTeam "Kysucke Nove Mesto"]
[WhiteTeamCountry "SVK"]
[BlackTeamCountry "SVK"]

1. d4 g6 2. c4 Bg7 3. Nc3 Nf6 4. e4 0-0 5. f3 d6 6. Be3 c6 7. Nge2 a6 8. a4 a5 9. g4 e5 10. d5 cxd5 11. cxd5 Na6 12. Ng3 b6 13. Qd2 Nc5 14. Ra3 Ne8 15. h4 f5 16. gxf5 gxf5 17. Bg5 Qc7 18. Nb5 Qf7 19. Bh3 f4 20. Bxc8 Rxc8 21. Nf5 Qd7 22. Ne7+ Kh8 23. Nxc8 Qxc8 24. Be7 Rg8 25. Nxd6 Nxd6 26. Bxd6 Bf6 27. Rc3 Rg3 28. Kd1 Qg8 29. Bxc5 bxc5 30. d6 Rg2 31. Qd5 Qb8 32. Rb3 1-0

[Event "SVK-chT2C 1718"]
[Site "Slovakia"]
[Date "2017.10.29"]
[Round "2.2"]
[White "Hrnciar, Roman"]
[Black "Adamko, Peter"]
[Result "0-1"]
[WhiteElo "2081"]
[BlackElo "2101"]
[PlyCount "96"]
[EventDate "2017.10.28"]
[EventType "team-tourn"]
[EventRounds "11"]
[EventCountry "SVK"]
[SourceTitle "CBM 181 Extra"]
[Source "ChessBase"]
[SourceDate "2017.12.12"]
[SourceVersion "1"]
[SourceVersionDate "2017.12.12"]
[SourceQuality "1"]
[WhiteTeam "Bziny"]
[BlackTeam "Cadca Caissa"]
[WhiteTeamCountry "SVK"]
[BlackTeamCountry "SVK"]

1. f4 g6 2. Nf3 c5 3. e3 Bg7 4. Be2 d5 5. 0-0 Nc6 6. Bb5 Bg4 7. Bxc6+ bxc6 8. d3 Nh6 9. Qe1 Bxf3 10. Rxf3 0-0 11. e4 f5 12. exd5 cxd5 13. Nc3 Qd6 14. Bd2 Rfe8 15. Qh4 Rab8 16. b3 c4 17. Re1 cxb3 18. cxb3 Qc5+ 19. d4 Qxd4+ 20. Qf2 Ng4 21. Qxd4 Bxd4+ 22. Kh1 Nf2+ 23. Rxf2 Bxf2 24. Re2 d4 25. Rxf2 dxc3 26. Bxc3 Rbc8 27. Bb2 e5 28. fxe5 Rxe5 29. h3 Rec5 30. Bd4 Rc2 31. a4 Rxf2 32. Bxf2 a6 33. b4 Rc4 34. b5 Rxa4 35. bxa6 Rxa6 36. Kh2 Kf7 37. Be3 Ke6 38. h4 Ke5 39. g3 Ke4 40. Bf4 Ra2+ 41. Kh3 Kf3 42. Bh6 Rg2 43. Bf4 h6 44. Bc7 g5 45. hxg5 hxg5 46. Be5 Re2 47. Bf6 f4 48. g4 Re1 0-1

[Event "Oravska Priehrada op"]
[Site "Namestovo"]
[Date "2017.08.26"]
[Round "3"]
[White "Adamko, Peter"]
[Black "Dzwierzynski, Bartosz"]
[Result "1-0"]
[WhiteElo "2106"]
[BlackElo "1820"]
[PlyCount "117"]
[EventDate "2017.08.25"]
[EventType "swiss"]
[EventRounds "7"]
[EventCountry "SVK"]
[SourceTitle "CBM 180 Extra"]
[Source "ChessBase"]
[SourceDate "2017.10.06"]
[SourceVersion "1"]
[SourceVersionDate "2017.10.06"]
[SourceQuality "1"]

1. Nf3 c5 2. c4 Nc6 3. Nc3 g6 4. e3 Bg7 5. d4 cxd4 6. exd4 Nf6 7. d5 Nb8 8. Be2 0-0 9. 0-0 d6 10. h3 a5 11. Be3 Na6 12. Qd2 Nc5 13. Bh6 Nfe4 14. Nxe4 Nxe4 15. Qf4 Nf6 16. Bxg7 Kxg7 17. Bd3 e5 18. dxe6 fxe6 19. Qg5 e5 20. Rfe1 Bd7 21. c5 Bc6 22. Nh4 Nh5 23. Qxd8 Raxd8 24. cxd6 Rf4 25. g3 Rd4 26. Be2 Nf6 27. Nf3 Bxf3 28. Bxf3 e4 29. Be2 R8xd6 30. Red1 Rd2 31. Kf1 e3 32. fxe3 Ne4 33. Ke1 Rxb2 34. Bf3 Rxd1+ 35. Rxd1 Nxg3 36. Rd2 Rxd2 37. Kxd2 b6 38. Kd3 Kf6 39. Kc4 Ke5 40. Kb5 Nf5 41. Kxb6 Nxe3 42. Kxa5 Kd6 43. Kb4 Nf5 44. a4 Kc7 45. Kc5 Ne7 46. a5 h6 47. a6 Nc8 48. Bb7 Na7 49. Kd5 Kb6 50. Ke5 Nb5 51. Kf6 g5 52. Kg6 Nd4 53. Kxh6 Ne6 54. Kh5 Nf4+ 55. Kg4 Ne6 56. Bc8 Nf4 57. h4 gxh4 58. Kxf4 h3 59. Kg3 1-0